| 000 | 00629cas a2200181 a 4500 | ||
|---|---|---|---|
| 022 | _a1998-1066 | ||
| 040 | _cYAM | ||
| 082 | _a579 AME 2007 A034 Or. | ||
| 245 | 1 | 0 | _aAdvances in environmental biology |
| 246 | 1 | _aAEB | |
| 260 |
_aMa'an, Jordan : _bAmerican-Eurasian Network for Scientific Information (AENSI), _c2007- |
||
| 500 | _aTitle from title screen as viewed on Apr. 2, 2008. | ||
| 650 | 0 | _aEcology | |
| 710 | 2 | _aAmerican-Eurasian Network for Scientific Information | |
| 710 | 2 | _aThomson Gale (Firm) | |
| 856 | 4 | 0 | _uhttp://MY2VS8LV9P.search.serialssolutions.com/?V=1.0&L=MY2VS8LV9P&S=JCs&C=ADIEB&T=marc |
| 942 | _cEK | ||
| 999 |
_c12217 _d12217 |
||